000
00427nam a2200133Ia 4500
008
151001s9999||||xx |||||||||||||| ||und||
100
_a
स ध झांबरे
245
_a
साकेत मराठी मराठी शब्दकोश
250
_a
1
260
_b
साकेत प्रकाशन प्रा लि औरंगाबाद
260
_c
२०१३
300
_a
377
365
_b
21
999
_c
1002090
_d
1002087